Guide for design engineers and building certifiers (Record no. 121502)

MARC details
000 -LEADER
fixed length control field 00874nam a22002057a 4500
008 - FIXED-LENGTH DATA ELEMENTS--GENERAL INFORMATION
fixed length control field 240518t2023 at |||||o|||| 00| 0 eng d
041 ## - LANGUAGE CODE
Language code of text/sound track or separate title eng
110 ## - MAIN ENTRY--CORPORATE NAME
Corporate author Engineers Australia
245 ## - TITLE STATEMENT
Title Guide for design engineers and building certifiers
Medium [Electronic resource]
260 ## - PUBLICATION INFORMATION
Publisher Engineers Australia,
Date May 2023
300 ## - PHYSICAL DESCRIPTION
Physical description 19p.
520 ## - ABSTRACT
Abstract This guide takes an in-principle approach, laying out best practice in terms of communication, problem solving, record keeping and teamwork, which design engineers and building certifiers will find helpful.
650 ## - KEYWORDS
Keywords BUILDING CERTIFICATION
650 ## - KEYWORDS
Keywords DESIGN ENGINEERING
650 ## - KEYWORDS
Keywords ENGINEERING
651 ## - SUBJECT ADDED ENTRY--GEOGRAPHIC NAME
Geographic name Australia
710 ## - ADDED CORPORATE NAME
Added corporate author Engineers Australia
856 ## - ONLINE RESOURCE
Uniform Resource Identifier <a href="https://www.engineersaustralia.org.au/publications/guide-design-engineers-and-building-certifiers">https://www.engineersaustralia.org.au/publications/guide-design-engineers-and-building-certifiers</a>
Public note Available online
942 ## - ADDED ENTRY ELEMENTS (KOHA)
Suppress in OPAC Do not suppress in OPAC
Holdings
Lost status Damaged status Not for loan Home library Current library Shelving location Date acquired Total Checkouts Full call number Date last seen Price effective from Koha item type
      Virtual Virtual Online 18/05/2023   ONLINE PUBLICATION 18/05/2023 18/05/2023 Online material